000 01992cam a22004097a 4500
999 _c422
_d422
001 16869010
003 GZU
005 20200826100442.0
008 110713s2011 enka b 001 0 eng d
010 _a 2011282962
016 7 _a015720277
_2Uk
020 _a9780567386212
020 _a056738621X
020 _a9780567014078 (pbk.)
020 _a056701407X (pbk.)
035 _a(OCoLC)ocn657604489
040 _aBTCTA
_beng
_cBTCTA
_dYDXCP
_dCDX
_dLNT
_dNDD
_dBWX
_dOXF
_dUKMGB
_dBDX
_dMNE
_dDLC
042 _alccopycat
050 0 0 _aBV652.1
_b.DAV 2011
100 1 _aDavies, Mervyn,
_cDr.
_eauthor
245 1 0 _aLeadership in the church for a people of hope /
_cMervyn Davies and Graham Dodds.
260 _aLondon ;
_aNew York :
_bT&T Clark,
_cc2011.
300 _aix, 190 p. :
_bill. ;
_c24 cm.
500 _aIncludes bibliographical references (p. 179-185) and index.
504 _aIncludes bibliographical references (p. 179-185) and index.
505 0 _aChurch and society: the state we're in -- Ecclesiology and mission -- Growing the people of God -- Foundational roles in the church -- Leadership in change -- Re-membering the laity -- Breathing together: laity and clergy doing theology and mission -- Newman's theology of education and the church as a learning community -- God, ministry and time -- Resurrection leadership.
650 0 _aChristian leadership.
650 0 _aLeadership
_xReligious aspects
_xChristianity.
650 0 _aChurch renewal.
700 1 _aDodds, Graham.
_eauthor
856 4 2 _3Contributor biographical information
_uhttp://www.loc.gov/catdir/enhancements/fy1114/2011282962-b.html
856 4 1 _3Table of contents only
_uhttp://www.loc.gov/catdir/enhancements/fy1114/2011282962-t.html
856 4 2 _3Publisher description
_uhttp://www.loc.gov/catdir/enhancements/fy1214/2011282962-d.html
906 _a7
_bcbc
_ccopycat
_d2
_encip
_f20
_gy-gencatlg
942 _2lcc
_cBK
_h652.1
_iDAV
_kBV